000 00500nam a2200181Ia 4500
005 20250508152645.0
008 008 250505s9999 xx 000 0 hin d
037 _aTextual
040 _aFEDL
_beng
_cFEDL
041 _ahin
_2eng
084 _a891.803, UPA
_qFEDL
100 _aUpadhyaya Bhavatsharan
_9762076
245 0 _aSanskritik nibandh
260 _aKashi, India
_bBhartiya Gyanpeeth
_c1960
300 _a204p
942 _cTEXL
_h891.803, UPA
999 _c1337843
_d1337843